[Event "Attica-ch U16"]
[Site "Athens"]
[Date "2008.01.02"]
[Round "1"]
[White "Rigopoulos Tsigkos, Alexandros"]
[Black "Ragousis, Theologos"]
[Result "1-0"]
[WhiteElo "1755"]
[BlackElo "1175"]
[PlyCount "31"]
[EventDate "2008.01.02"]
[EventType "swiss"]
[EventRounds "7"]
[EventCountry "GRE"]
[SourceTitle "EXT 2011"]
[Source "ChessBase"]
[SourceDate "2010.11.26"]
[SourceVersion "1"]
[SourceVersionDate "2010.11.26"]
[SourceQuality "1"]

1. e4 e5 2. Nf3 Nc6 3. d4 d6 4. dxe5 dxe5 5. Qxd8+ Nxd8 6. Nxe5 Nf6 7. Bd3 Bd6 8. Nc4 0-0 9. Nxd6 cxd6 10. Nc3 Bg4 11. f3 Bh5 12. 0-0 Nc6 13. Bg5 Ne8 14. Rad1 f6 15. Bf4 Rd8 16. a3 1-0